| 000 | 00497nam a22001457a 4500 | ||
|---|---|---|---|
| 082 | _aT-113 | ||
| 100 |
_aNauman Afzal Afridi _948431 |
||
| 245 |
_aA laboratory study to analyze the stability and flow characteristics of asphalt and cement treated base courses using different aggregate sources _cNauman Afzal Afridi |
||
| 260 |
_aRisalpur _bMCE _c2001 |
||
| 300 | _axiv, 145.p: | ||
| 526 |
_a0 _b0 _c0 _dT_113 |
||
| 650 |
_aThesis _934811 |
||
| 700 |
_aNauman Afzal Afridi _948431 |
||
| 942 |
_2ddc _cBK |
||
| 999 |
_c551413 _d551413 |
||